KOHA-Header-6

Financial Accounting (Principles And Practices) (Record no. 611)

000 -LEADER
fixed length control field 00344nam a2200121Ia 4500
008 - FIXED-LENGTH DATA ELEMENTS--GENERAL INFORMATION
fixed length control field 190722s9999 xx 000 0 und d
020 ## - INTERNATIONAL STANDARD BOOK NUMBER
International Standard Book Number 81-219-2306-9
100 ## - MAIN ENTRY--PERSONAL NAME
Personal name Lal, Srivastava
245 #0 - TITLE STATEMENT
Title Financial Accounting (Principles And Practices)
260 ## - PUBLICATION, DISTRIBUTION, ETC. (IMPRINT)
Place of publication, distribution, etc New Delhi (Ram Nagar)
Name of publisher, distributor, etc S. Chand & Company Pvt. Ltd.
Date of publication, distribution, etc 2014
300 ## - PHYSICAL DESCRIPTION
Extent G-10
942 ## - ADDED ENTRY ELEMENTS (KOHA)
Koha item type Books
Holdings
Withdrawn status Lost status Damaged status Not for loan Permanent Location Current Location Date acquired Total Checkouts Total Renewals Full call number Barcode Date last seen Date checked out Price effective from Koha item type
        MAJU MAJU 2019-07-22 1 1 657 7237 2023-02-25 2020-02-16 2019-07-22 Books

Powered by Koha